Normal view
MARC view
- SOHAIL ANJUM
Entry Personal Name
001 - CONTROL NUMBER
- control field: 72776
003 - CONTROL NUMBER IDENTIFIER
- control field: NUST
005 - DATE AND TIME OF LATEST TRANSACTION
- control field: 20210628204909.0
008 - FIXED-LENGTH DATA ELEMENTS
- fixed length control field: 210628|| aca||aabn | a|a d
040 ## - CATALOGING SOURCE
- Original cataloging agency: NUST
- Transcribing agency: NUST
100 ## - HEADING--PERSONAL NAME
- Personal name: SOHAIL ANJUM
670 ## - SOURCE DATA FOUND
- Source citation: Work cat.: (NUST): SOHAIL ANJUM, , TH-SOF-0735-Electro-Mechanical Design Of Mini-Insect Robot, 2001
